Statystyki dla Kraje z Największym Przeciętnym Wskaźnikiem IQ

Kliknij tutaj aby rozwiązać quiz!

Ogólne statystyki

  • Ten quiz został rozwiązany 826 razy
  • Średni wynik to 29 z 41

Statystyki odpowiedzi

IQNazwa Kraju% Poprawnych
99Polska
98%
105Chiny
96%
98Stany Zjednoczone
95%
105Japonia
94%
99Niemcy
94%
97Rosja
92%
98Francja
89%
98Hiszpania
87%
99Szwecja
86%
99Kanada
84%
100Norwegia
84%
101Wielka Brytania
84%
102Włochy
83%
99Finlandia
82%
106Korea Południowa
80%
98Czechy
78%
95Portugalia
77%
97Ukraina
77%
101Szwajcaria
76%
98Australia
74%
96Słowacja
74%
98Dania
73%
100Holandia
73%
100Austria
72%
99Belgia
70%
99Estonia
64%
98Łotwa
64%
100Luksemburg
64%
97Białoruś
63%
101Islandia
63%
98Węgry
60%
108Singapur
59%
96Słowenia
57%
98Nowa Zelandia
56%
104Tajwan
47%
98Andora
38%
95Izrael
38%
97Malta
38%
101Mongolia
36%
96Mołdawia
30%
96Urugwaj
14%

Rozkład punktacji

Percentyl według liczby udzielonych odpowiedzi

Procent ludzi z każdym wynikiem

Twoja historia wyników

Nie rozwiązałeś tego quizu